[Event "CAN-ch"]
[Site "Brantford"]
[Date "1999.09.01"]
[Round "2"]
[White "Jung, Hans"]
[Black "Zugic, Igor"]
[Result "0-1"]
[WhiteElo "2251"]
[BlackElo "2406"]
[PlyCount "130"]
[GameId "2160767911742322"]
[EventDate "1999.08.31"]
[EventType "swiss"]
[EventRounds "9"]
[EventCountry "CAN"]
[SourceTitle "EXT 2000"]
[Source "ChessBase"]
[SourceDate "1999.11.18"]
[SourceVersion "1"]
[SourceVersionDate "1999.11.18"]
[SourceQuality "1"]

1. d4 Nf6 2. e3 d5 3. f4 c5 4. c3 cxd4 5. exd4 Nc6 6. Bd3 g6 7. Nf3 Bf5 8. O-O Bg7 9. Ne5 Bxd3 10. Nxd3 e6 11. Be3 Ne4 12. Nd2 f5 13. Nf3 Qe7 14. Bf2 Bf6 15. Qe1 h6 16. Bg3 g5 17. Qe2 g4 18. Nd2 Nxg3 19. hxg3 h5 20. Rfe1 Kf7 21. Qe3 h4 22. Nf1 h3 23. gxh3 Rxh3 24. Kf2 b6 25. Ke2 Na5 26. b3 Nb7 27. Nf2 Rhh8 28. Kd2 Nd6 29. Re2 Rac8 30. Qd3 Rhd8 31. Ke1 Ne4 32. Nxe4 dxe4 33. Qd2 b5 34. a3 Qc7 35. Re3 a5 36. b4 Ra8 37. Ra2 Qc4 38. Qe2 axb4 39. Qxc4 bxc4 40. cxb4 Bxd4 41. Ree2 Bc3+ 42. Kf2 Rd3 43. Rec2 Bd4+ 44. Ke2 Raxa3 45. Rxa3 Rxa3 46. Rxc4 Ra2+ 47. Kd1 Bf2 48. Rc3 Rb2 49. b5 Rxb5 50. Rc2 Bd4 51. Nd2 Rc5 52. Ra2 Rc3 53. Nf1 Rf3 54. Ke1 Rb3 55. Ra4 Rb4 56. Ra3 Rb1+ 57. Ke2 Rb2+ 58. Ke1 Rg2 59. Rb3 Ke7 60. Ra3 Rc2 61. Kd1 Rc3 62. Ra2 Kd6 63. Ra6+ Kd5 64. Ra4 Bf2 65. Ra5+ Kd6 0-1

[Event "CAN-ch"]
[Site "Brantford"]
[Date "1999.09.01"]
[Round "2"]
[White "Khassanov, Marat"]
[Black "Campbell, Brett"]
[Result "1-0"]
[WhiteElo "2367"]
[BlackElo "2197"]
[PlyCount "83"]
[GameId "2160767911742323"]
[EventDate "1999.08.31"]
[EventType "swiss"]
[EventRounds "9"]
[EventCountry "CAN"]
[SourceTitle "EXT 2000"]
[Source "ChessBase"]
[SourceDate "1999.11.18"]
[SourceVersion "1"]
[SourceVersionDate "1999.11.18"]
[SourceQuality "1"]

1. e4 g6 2. d4 Bg7 3. Nf3 d6 4. Be2 Nf6 5. Nc3 O-O 6. O-O c6 7. a4 e5 8. dxe5 dxe5 9. Qxd8 Rxd8 10. Bg5 Re8 11. Rfd1 Nbd7 12. Rd6 Bf8 13. Rdd1 a5 14. Nd2 Bb4 15. f3 Kg7 16. Be3 Bc5 17. Kf2 Bxe3+ 18. Kxe3 Nb6 19. Nb3 Be6 20. Nc5 Re7 21. b3 Nc8 22. Bf1 b6 23. Nxe6+ Rxe6 24. Rd8 Re8 25. Rad1 Kf8 26. R8d2 Ra7 27. g3 Ke7 28. Bh3 g5 29. Nb1 h5 30. Bf5 Kf8 31. Bxc8 Rxc8 32. Na3 Ke7 33. Nc4 Nd7 34. Rxd7+ Rxd7 35. Rxd7+ Kxd7 36. Nxb6+ Kc7 37. Nxc8 Kxc8 38. h3 Kd7 39. Kd3 g4 40. fxg4 hxg4 41. hxg4 Ke6 42. g5 1-0

[Event "CAN-ch"]
[Site "Brantford"]
[Date "1999.09.01"]
[Round "2"]
[White "Reddy, Tyler"]
[Black "Fullbrook, Nigel"]
[Result "1/2-1/2"]
[WhiteElo "2027"]
[BlackElo "2225"]
[PlyCount "104"]
[GameId "2160767911742325"]
[EventDate "1999.08.31"]
[EventType "swiss"]
[EventRounds "9"]
[EventCountry "CAN"]
[SourceTitle "EXT 2000"]
[Source "ChessBase"]
[SourceDate "1999.11.18"]
[SourceVersion "1"]
[SourceVersionDate "1999.11.18"]
[SourceQuality "1"]

1. c4 Nf6 2. g3 g6 3. Bg2 Bg7 4. Nc3 O-O 5. e4 d6 6. Nge2 c6 7. O-O Nbd7 8. d3 e5 9. h3 Ne8 10. Be3 f5 11. f4 exf4 12. Bxf4 Qb6+ 13. Kh2 Qxb2 14. Rb1 Qa3 15. Na4 Nc5 16. Nxc5 Qxc5 17. exf5 Rxf5 18. Qd2 Rf8 19. Bh6 Nf6 20. Bxg7 Kxg7 21. Nf4 Rf7 22. Qc3 d5 23. Rxb7 d4 24. Rxf7+ Kxf7 25. Qb2 Qb6 26. Qxb6 axb6 27. Nd5 Bf5 28. Nxf6 Kxf6 29. g4 Rxa2 30. gxf5 gxf5 31. Kg3 Ke5 32. Bxc6 Rd2 33. Rf3 f4+ 34. Kh4 Re2 35. Kh5 Kf5 36. Be4+ Rxe4 37. dxe4+ Kxe4 38. Rb3 d3 39. Rxb6 f3 40. Re6+ Kf4 41. Re1 f2 42. Ra1 d2 43. c5 Kf3 44. c6 Ke2 45. c7 f1=Q 46. Rxf1 Kxf1 47. c8=Q d1=Q+ 48. Kh6 Kg2 49. Qf5 Qf3 50. Qxf3+ Kxf3 51. h4 Kg4 52. h5 Kh4 1/2-1/2

[Event "CAN-ch"]
[Site "Brantford"]
[Date "1999.09.01"]
[Round "2"]
[White "Schleifer, Michael"]
[Black "Pushkedra, Frank"]
[Result "1-0"]
[WhiteElo "2333"]
[BlackElo "2345"]
[PlyCount "81"]
[GameId "2160767911742326"]
[EventDate "1999.08.31"]
[EventType "swiss"]
[EventRounds "9"]
[EventCountry "CAN"]
[SourceTitle "EXT 2000"]
[Source "ChessBase"]
[SourceDate "1999.11.18"]
[SourceVersion "1"]
[SourceVersionDate "1999.11.18"]
[SourceQuality "1"]

1. d4 Nf6 2. Bg5 Ne4 3. Bh4 c5 4. dxc5 Qa5+ 5. Nd2 g6 6. c3 Nxd2 7. Qxd2 Bg7 8. e4 Nc6 9. f4 Qxc5 10. Bf2 Qa5 11. Nf3 O-O 12. Be2 d6 13. O-O b6 14. a4 Bg4 15. b4 Qh5 16. h3 Bxf3 17. Bxf3 Qh6 18. Be3 Qh4 19. a5 b5 20. a6 Rfe8 21. Rac1 Rac8 22. Be2 e5 23. Bxb5 exf4 24. Bxf4 Qe7 25. Bg5 f6 26. Qd5+ Kh8 27. Bxc6 fxg5 28. Rf7 Qe5 29. Qxe5 Bxe5 30. b5 Bf4 31. Rd1 Be3+ 32. Kh1 Rf8 33. Rf3 Bc5 34. Rd5 Rxf3 35. gxf3 Rc7 36. e5 Bb6 37. exd6 Rf7 38. d7 Bd8 39. b6 Rxf3 40. bxa7 Rxh3+ 41. Kg2 1-0

[Event "CAN-ch"]
[Site "Brantford"]
[Date "1999.09.02"]
[Round "3"]
[White "Allan, Denis"]
[Black "Glinert, Stephen"]
[Result "0-1"]
[WhiteElo "2295"]
[BlackElo "2191"]
[PlyCount "77"]
[GameId "2160767911742327"]
[EventDate "1999.08.31"]
[EventType "swiss"]
[EventRounds "9"]
[EventCountry "CAN"]
[SourceTitle "EXT 2000"]
[Source "ChessBase"]
[SourceDate "1999.11.18"]
[SourceVersion "1"]
[SourceVersionDate "1999.11.18"]
[SourceQuality "1"]

1. c4 Nf6 2. Nc3 d5 3. cxd5 Nxd5 4. Nf3 g6 5. Qa4+ Bd7 6. Qb3 Nb6 7. h4 Be6 8. Qc2 Nc6 9. h5 Qd7 10. hxg6 fxg6 11. Ne4 Bf5 12. d3 Bxe4 13. dxe4 O-O-O 14. Bd2 Bg7 15. e3 Qd6 16. a3 Nd7 17. Rc1 Kb8 18. Ng5 Rdf8 19. f4 e5 20. f5 Nd8 21. Bc4 c6 22. Ne6 Nxe6 23. Bxe6 Rd8 24. Bb4 Qc7 25. Rd1 Nf6 26. Ke2 gxf5 27. Bxf5 h5 28. Rxd8+ Rxd8 29. Rd1 Bf8 30. Bc3 Bd6 31. Be1 Rg8 32. Kf3 Qe7 33. Bh4 Rf8 34. Qd3 Bc7 35. Bxf6 Qxf6 36. Qd7 Qg5 37. Qh7 Rg8 38. Rg1 Bb6 39. Be6 0-1

[Event "CAN-ch"]
[Site "Brantford"]
[Date "1999.09.02"]
[Round "3"]
[White "Campbell, Brett"]
[Black "Reddy, Tyler"]
[Result "1-0"]
[WhiteElo "2197"]
[BlackElo "2027"]
[PlyCount "61"]
[GameId "2160767911742329"]
[EventDate "1999.08.31"]
[EventType "swiss"]
[EventRounds "9"]
[EventCountry "CAN"]
[SourceTitle "EXT 2000"]
[Source "ChessBase"]
[SourceDate "1999.11.18"]
[SourceVersion "1"]
[SourceVersionDate "1999.11.18"]
[SourceQuality "1"]

1. e4 e6 2. d3 d5 3. Nd2 Nf6 4. Ngf3 b6 5. c3 Bb7 6. e5 Nfd7 7. d4 c5 8. Bd3 Nc6 9. a3 c4 10. Bc2 Na5 11. O-O Qc7 12. Ng5 h6 13. Qh5 hxg5 14. Qxh8 O-O-O 15. Qh5 f6 16. f4 gxf4 17. Nf3 fxe5 18. Nxe5 Nxe5 19. Bxf4 Nac6 20. Bxe5 Nxe5 21. Qxe5 Bd6 22. Qxe6+ Kb8 23. h3 Bc8 24. Qg6 Rh8 25. Bf5 Qc6 26. Qxg7 Rh6 27. Qg8 a5 28. Rae1 Kb7 29. Bxc8+ Ka7 30. Rf7+ Bc7 31. Ree7 1-0

[Event "CAN-ch"]
[Site "Brantford"]
[Date "1999.09.02"]
[Round "3"]
[White "Gentes, Kevin"]
[Black "Schleifer, Michael"]
[Result "1/2-1/2"]
[WhiteElo "2325"]
[BlackElo "2333"]
[PlyCount "69"]
[GameId "2160767911742330"]
[EventDate "1999.08.31"]
[EventType "swiss"]
[EventRounds "9"]
[EventCountry "CAN"]
[SourceTitle "EXT 2000"]
[Source "ChessBase"]
[SourceDate "1999.11.18"]
[SourceVersion "1"]
[SourceVersionDate "1999.11.18"]
[SourceQuality "1"]

1. g3 e5 2. Bg2 Bc5 3. c4 Nf6 4. Nc3 O-O 5. e3 c6 6. Nge2 d6 7. d4 Bb6 8. h3 Qe7 9. a3 h6 10. O-O Bf5 11. e4 Bh7 12. d5 Nbd7 13. Kh2 Nc5 14. f3 cxd5 15. cxd5 Ne8 16. b4 Nd7 17. Na4 f5 18. Nxb6 Nxb6 19. exf5 Bxf5 20. f4 Bd7 21. fxe5 Rxf1 22. Qxf1 Qxe5 23. Bf4 Qf6 24. Qg1 Nc7 25. Qd4 Rf8 26. Qxf6 Rxf6 27. Nc3 g5 28. Ne4 Rg6 29. Bxd6 Ncxd5 30. Bc5 Bc6 31. Kg1 Nc8 32. Rc1 b6 33. Bd4 Nce7 34. Bf3 Re6 35. Nd2 1/2-1/2

[Event "CAN-ch"]
[Site "Brantford"]
[Date "1999.09.02"]
[Round "3"]
[White "Khassanov, Marat"]
[Black "Berry, Jonathan"]
[Result "1-0"]
[WhiteElo "2367"]
[BlackElo "2287"]
[PlyCount "81"]
[GameId "2160767911742331"]
[EventDate "1999.08.31"]
[EventType "swiss"]
[EventRounds "9"]
[EventCountry "CAN"]
[SourceTitle "EXT 2000"]
[Source "ChessBase"]
[SourceDate "1999.11.18"]
[SourceVersion "1"]
[SourceVersionDate "1999.11.18"]
[SourceQuality "1"]

1. e4 d6 2. d4 g6 3. Nf3 Bg7 4. Be2 Nf6 5. Nc3 O-O 6. O-O c6 7. a4 Qc7 8. Be3 e5 9. dxe5 dxe5 10. a5 Rd8 11. Qc1 Bg4 12. Bb6 axb6 13. axb6 Qxb6 14. Rxa8 Nbd7 15. Rxd8+ Qxd8 16. h3 Bxf3 17. Bxf3 h5 18. Qe3 Qa5 19. Nd1 Bf8 20. c3 b5 21. b4 Qa3 22. Be2 Qa2 23. Qd3 Be7 24. Ne3 Nf8 25. h4 Ne6 26. g3 Bf8 27. Bf3 c5 28. Nd5 Kg7 29. bxc5 Nxc5 30. Qxb5 Nfxe4 31. Nc7 Nd2 32. Bd5 Qc2 33. Qe2 Qxc3 34. Rd1 Ncb3 35. Ne8+ Kh8 36. Bxf7 Bc5 37. Kg2 e4 38. Bxg6 e3 39. Qxh5+ Kg8 40. Qh7+ Kf8 41. Qf7# 1-0

[Event "CAN-ch"]
[Site "Brantford"]
[Date "1999.09.02"]
[Round "3"]
[White "Nickoloff, Bryon"]
[Black "Hamilton, Robert"]
[Result "1/2-1/2"]
[WhiteElo "2421"]
[BlackElo "2315"]
[PlyCount "41"]
[GameId "2160767911742333"]
[EventDate "1999.08.31"]
[EventType "swiss"]
[EventRounds "9"]
[EventCountry "CAN"]
[SourceTitle "EXT 2000"]
[Source "ChessBase"]
[SourceDate "1999.11.18"]
[SourceVersion "1"]
[SourceVersionDate "1999.11.18"]
[SourceQuality "1"]

1. d4 d5 2. c4 c6 3. cxd5 cxd5 4. Bf4 e6 5. Nc3 Bd6 6. e3 Bxf4 7. exf4 Nc6 8. Nf3 Nge7 9. Bd3 Qb6 10. Qd2 Bd7 11. Rc1 Rc8 12. Bb1 Qa6 13. Ne2 Na5 14. Rxc8+ Nxc8 15. O-O Nc4 16. Qc1 Qb6 17. b3 N4d6 18. Ng3 g6 19. Qe3 Ne7 20. h4 h6 21. Rc1 1/2-1/2

[Event "CAN-ch"]
[Site "Brantford"]
[Date "1999.09.02"]
[Round "3"]
[White "Ross, Dave"]
[Black "Jung, Hans"]
[Result "1-0"]
[WhiteElo "2345"]
[BlackElo "2251"]
[PlyCount "63"]
[GameId "2160767911742335"]
[EventDate "1999.08.31"]
[EventType "swiss"]
[EventRounds "9"]
[EventCountry "CAN"]
[SourceTitle "EXT 2000"]
[Source "ChessBase"]
[SourceDate "1999.11.18"]
[SourceVersion "1"]
[SourceVersionDate "1999.11.18"]
[SourceQuality "1"]

1. Nf3 d5 2. c4 c6 3. b3 Qb6 4. cxd5 cxd5 5. Bb2 Nc6 6. g3 a5 7. Nc3 Nf6 8. Bg2 a4 9. Nxa4 Rxa4 10. Bxf6 Ra6 11. Bb2 f6 12. d4 e6 13. O-O Ba3 14. Bxa3 Rxa3 15. e4 dxe4 16. Nd2 Qxd4 17. Qc1 Qa7 18. Nxe4 O-O 19. Nc3 Ra5 20. Qb2 Nd4 21. b4 Ra6 22. a4 Qb6 23. Ne4 e5 24. Nc5 Ra7 25. a5 Qb5 26. f4 b6 27. axb6 Rxa1 28. Rxa1 Qxb6 29. Kh1 Bg4 30. h3 Bf3 31. Bxf3 Nxf3 32. Qb3+ 1-0

[Event "CAN-ch"]
[Site "Brantford"]
[Date "1999.09.02"]
[Round "3"]
[White "Spraggett, Kevin"]
[Black "Day, Lawrence"]
[Result "1-0"]
[WhiteElo "2521"]
[BlackElo "2319"]
[PlyCount "83"]
[GameId "2160767911742337"]
[EventDate "1999.08.31"]
[EventType "swiss"]
[EventRounds "9"]
[EventCountry "CAN"]
[SourceTitle "EXT 2000"]
[Source "ChessBase"]
[SourceDate "1999.11.18"]
[SourceVersion "1"]
[SourceVersionDate "1999.11.18"]
[SourceQuality "1"]

1. d4 Nf6 2. c4 d6 3. Nc3 Nbd7 4. e4 e5 5. Nf3 c6 6. Be2 Be7 7. O-O O-O 8. Re1 Re8 9. Bf1 Bf8 10. Rb1 b6 11. b4 exd4 12. Nxd4 Bb7 13. f3 d5 14. b5 cxb5 15. cxd5 b4 16. Nce2 Nxe4 17. fxe4 Rxe4 18. Nc6 Bc5+ 19. Kh1 Qf6 20. Bb2 Qh6 21. Ng1 Bd6 22. Nh3 Nc5 23. Qc2 Rae8 24. Rxe4 Rxe4 25. Rd1 a5 26. Bd4 Re8 27. Bxc5 Bxc5 28. Nxa5 Bc8 29. Nb3 Bg4 30. Rc1 Bd6 31. Qd2 Qf6 32. Qd4 Qf5 33. Nf2 Bf4 34. Ra1 Be5 35. Re1 f6 36. Qxg4 Qxf2 37. Qe2 Qf5 38. Nd4 Qd7 39. Qc4 Rc8 40. Nc6 Kh8 41. g3 Bc3 42. Re6 1-0

[Event "CAN-ch"]
[Site "Brantford"]
[Date "1999.09.02"]
[Round "3"]
[White "Yoos, John"]
[Black "Duong, Thanh Nha"]
[Result "1-0"]
[WhiteElo "2302"]
[BlackElo "2332"]
[PlyCount "63"]
[GameId "2160767911742338"]
[EventDate "1999.08.31"]
[EventType "swiss"]
[EventRounds "9"]
[EventCountry "CAN"]
[SourceTitle "EXT 2000"]
[Source "ChessBase"]
[SourceDate "1999.11.18"]
[SourceVersion "1"]
[SourceVersionDate "1999.11.18"]
[SourceQuality "1"]

1. e4 e5 2. f4 exf4 3. Nf3 d6 4. Bc4 h6 5. d4 g5 6. h4 Bg7 7. O-O Nc6 8. c3 Qe7 9. a4 Bd7 10. a5 a6 11. Qd3 Nd8 12. b3 Ne6 13. e5 dxe5 14. Ba3 Qd8 15. Re1 g4 16. Nxe5 Qxh4 17. Nd2 Bxe5 18. Rxe5 O-O-O 19. Ne4 g3 20. Bxa6 Qh2+ 21. Kf1 Qh1+ 22. Ke2 Qxa1 23. Bxb7+ Kxb7 24. Rxe6 Ra8 25. Nc5+ Kb8 26. Nxd7+ Kc8 27. Nb6+ Kb8 28. Qb5 Qa2+ 29. Kd1 Nf6 30. Nxa8+ Kc8 31. Qa6+ Kb8 32. Rb6+ 1-0

[Event "CAN-ch"]
[Site "Brantford"]
[Date "1999.09.03"]
[Round "4"]
[White "Crisan, Ioan"]
[Black "Berry, Jonathan"]
[Result "1/2-1/2"]
[WhiteElo "2247"]
[BlackElo "2287"]
[PlyCount "164"]
[GameId "2160767911742340"]
[EventDate "1999.08.31"]
[EventType "swiss"]
[EventRounds "9"]
[EventCountry "CAN"]
[SourceTitle "EXT 2000"]
[Source "ChessBase"]
[SourceDate "1999.11.18"]
[SourceVersion "1"]
[SourceVersionDate "1999.11.18"]
[SourceQuality "1"]

1. e4 d6 2. d4 g6 3. Nc3 a6 4. Nf3 Bg7 5. Be3 b5 6. Bd3 Bb7 7. Qd2 Nd7 8. O-O c5 9. Rfe1 cxd4 10. Bxd4 Ne5 11. Nxe5 dxe5 12. Be3 Nf6 13. f3 O-O 14. Qf2 Nh5 15. Red1 Qc8 16. a4 b4 17. Na2 a5 18. c3 bxc3 19. Nxc3 Nf4 20. Bb5 Qe6 21. Bd7 Qc4 22. g3 Ne6 23. Bb5 Qc8 24. Rac1 Qb8 25. Bc4 Nd4 26. f4 e6 27. fxe5 Nc6 28. Bc5 Bxe5 29. Bxf8 Qxf8 30. Bb5 Qb4 31. Bxc6 Bxc6 32. Qe2 Rb8 33. Kf1 Kg7 34. Nb5 Bxb5 35. axb5 Rxb5 36. Rc2 a4 37. Qc4 Bxb2 38. Qe2 a3 39. Rc4 Qb3 40. Rc7 a2 41. Ra7 Rb7 42. Ra8 Ba3 43. Kg2 Qb2 44. Qxb2+ Rxb2+ 45. Kf3 Rb1 46. Rxa3 Rxd1 47. Rxa2 Re1 48. h4 Kf6 49. Ra5 h6 50. g4 g5 51. h5 Rf1+ 52. Kg3 Rf4 53. e5+ Kg7 54. Rb5 Ra4 55. Kf3 Ra3+ 56. Kf2 Rc3 57. Ra5 Rd3 58. Rb5 Rh3 59. Ra5 Rc3 60. Rb5 Ra3 61. Rc5 Rd3 62. Rb5 Rd7 63. Ke3 Ra7 64. Rc5 f6 65. exf6+ Kxf6 66. Kf3 Ra3+ 67. Kf2 Rd3 68. Rc7 Ke5 69. Rh7 Kf4 70. Rxh6 Rd2+ 71. Ke1 Rd6 72. Rg6 Kxg4 73. h6 Ra6 74. h7 Ra1+ 75. Kf2 Rh1 76. Rxe6 Rxh7 77. Kg2 Ra7 78. Re4+ Kf5 79. Rb4 Ra3 80. Rc4 g4 81. Rc8 Ra2+ 82. Kg3 Ra3+ 1/2-1/2

[Event "CAN-ch"]
[Site "Brantford"]
[Date "1999.09.03"]
[Round "4"]
[White "Day, Lawrence"]
[Black "Gentes, Kevin"]
[Result "1/2-1/2"]
[WhiteElo "2319"]
[BlackElo "2325"]
[PlyCount "67"]
[GameId "2160767911742341"]
[EventDate "1999.08.31"]
[EventType "swiss"]
[EventRounds "9"]
[EventCountry "CAN"]
[SourceTitle "EXT 2000"]
[Source "ChessBase"]
[SourceDate "1999.11.18"]
[SourceVersion "1"]
[SourceVersionDate "1999.11.18"]
[SourceQuality "1"]

1. e4 c5 2. Nf3 e6 3. d3 Nc6 4. g3 d6 5. Bg2 Be7 6. O-O Nf6 7. c3 O-O 8. Qe2 Qe8 9. Na3 b6 10. d4 cxd4 11. Nxd4 Nxd4 12. cxd4 Qa4 13. Qe3 Ba6 14. Re1 Rac8 15. Nb1 e5 16. d5 Qd7 17. Nc3 b5 18. Bf1 Bd8 19. Qf3 Qb7 20. b4 Bb6 21. Rb1 Bd4 22. Ne2 Qb6 23. Nxd4 exd4 24. Bb2 Nd7 25. Qd1 Ne5 26. Kh1 d3 27. Bxe5 dxe5 28. Bxd3 Qxf2 29. a4 f5 30. Qe2 Qxe2 31. Rxe2 fxe4 32. Bxb5 Bxb5 33. axb5 Rc4 34. Rbe1 1/2-1/2

[Event "CAN-ch"]
[Site "Brantford"]
[Date "1999.09.03"]
[Round "4"]
[White "Duong, Thanh Nha"]
[Black "Campbell, Brett"]
[Result "1-0"]
[WhiteElo "2332"]
[BlackElo "2197"]
[PlyCount "85"]
[GameId "2160767911742342"]
[EventDate "1999.08.31"]
[EventType "swiss"]
[EventRounds "9"]
[EventCountry "CAN"]
[SourceTitle "EXT 2000"]
[Source "ChessBase"]
[SourceDate "1999.11.18"]
[SourceVersion "1"]
[SourceVersionDate "1999.11.18"]
[SourceQuality "1"]

1. c4 d6 2. Nc3 g6 3. g3 Bg7 4. Bg2 e5 5. e3 Nc6 6. Nge2 f5 7. d3 Nf6 8. O-O O-O 9. f4 Be6 10. Rb1 Qd7 11. b4 h6 12. b5 Nd8 13. Ba3 Re8 14. Qd2 e4 15. dxe4 Bxc4 16. exf5 Qxf5 17. Rfd1 d5 18. Nd4 Qd7 19. Nc2 Qf7 20. Bb2 Ne4 21. Nxe4 dxe4 22. Bxg7 Qxg7 23. Nb4 Nf7 24. Qc2 Bxb5 25. Bxe4 Nd6 26. Bd5+ Kh7 27. a4 a5 28. Nd3 Bxd3 29. Rxd3 Rab8 30. Rbd1 Re7 31. Qd2 b6 32. Qg2 b5 33. axb5 Rxb5 34. e4 Rb2 35. Qf3 Qf8 36. e5 Nf5 37. Bc6 Qb8 38. Be4 Qb6+ 39. Kh1 Rf2 40. Qg4 Qb2 41. Qh3 Ng7 42. Rd8 a4 43. Qxh6+ 1-0

[Event "CAN-ch"]
[Site "Brantford"]
[Date "1999.09.03"]
[Round "4"]
[White "Gardner, Robert"]
[Black "Jung, Hans"]
[Result "1-0"]
[WhiteElo "2247"]
[BlackElo "2251"]
[PlyCount "62"]
[GameId "2160767911742344"]
[EventDate "1999.08.31"]
[EventType "swiss"]
[EventRounds "9"]
[EventCountry "CAN"]
[SourceTitle "EXT 2000"]
[Source "ChessBase"]
[SourceDate "1999.11.18"]
[SourceVersion "1"]
[SourceVersionDate "1999.11.18"]
[SourceQuality "1"]

1. e4 d6 2. d4 e5 3. Nf3 f5 4. Bc4 Nc6 5. Ng5 Nh6 6. Nxh7 Ng4 7. Nxf8 Nxh2 8. Ng6 Rh7 9. dxe5 fxe4 10. Be3 Nf3+ 11. Ke2 Ncd4+ 12. Bxd4 Nxd4+ 13. Kd2 Qg5+ 14. Kc3 Bg4 15. Qf1 Qxg6 16. Rxh7 Qxh7 17. Kxd4 Qf5 18. Kc3 Qxe5+ 19. Kb3 d5 20. Be2 Be6 21. a4 O-O-O 22. Ka2 d4+ 23. Bc4 d3 24. cxd3 exd3 25. Nd2 Bxc4+ 26. Nxc4 Qd5 27. b3 a6 28. Rd1 b5 29. Nb2 d2 30. Qe2 c5 31. axb5 Kc7 1-0

[Event "CAN-ch"]
[Site "Brantford"]
[Date "1999.09.03"]
[Round "4"]
[White "Hamilton, Robert"]
[Black "Zugic, Igor"]
[Result "1/2-1/2"]
[WhiteElo "2315"]
[BlackElo "2406"]
[PlyCount "123"]
[GameId "2160767911742345"]
[EventDate "1999.08.31"]
[EventType "swiss"]
[EventRounds "9"]
[EventCountry "CAN"]
[SourceTitle "EXT 2000"]
[Source "ChessBase"]
[SourceDate "1999.11.18"]
[SourceVersion "1"]
[SourceVersionDate "1999.11.18"]
[SourceQuality "1"]

1. c4 Nf6 2. Nc3 e5 3. Nf3 Nc6 4. e3 d6 5. d4 exd4 6. exd4 Bg4 7. Be2 Be7 8. h3 Bh5 9. d5 Bxf3 10. Bxf3 Ne5 11. Be2 O-O 12. O-O Nfd7 13. Be3 c5 14. Qc2 a6 15. Rae1 Re8 16. a4 Ng6 17. Qd2 Bf6 18. b3 b6 19. g3 h6 20. Kg2 Ra7 21. Bd3 Bxc3 22. Qxc3 Nde5 23. Be2 a5 24. Bc1 Nd7 25. Bb2 Nf6 26. Bd3 Rxe1 27. Rxe1 Re7 28. Rxe7 Qxe7 29. Bb1 Ne5 30. Qe3 Kf8 31. Qf4 Ke8 32. Bf5 Kd8 33. Qc1 Ne8 34. Bb1 Nf6 35. Bc3 Ned7 36. Qb2 Kc7 37. Bf5 Ne5 38. Qd2 Kd8 39. Qf4 Ne8 40. Bc2 Nf6 41. Qe3 Ke8 42. f4 Ned7 43. Qxe7+ Kxe7 44. Kf3 Nf8 45. g4 Ne8 46. Be1 g6 47. g5 hxg5 48. fxg5 Nd7 49. Kf4 Nf8 50. Bc3 Nd7 51. Be4 Nf8 52. Bf3 Nd7 53. h4 Nf8 54. Bg4 Nh7 55. h5 Nf8 56. h6 Nh7 57. Bf3 Nc7 58. Bd2 Ne8 59. Bg4 Nc7 60. Bc8 Ne8 61. Bc3 Nc7 62. Bg4 1/2-1/2

[Event "CAN-ch"]
[Site "Brantford"]
[Date "1999.09.03"]
[Round "4"]
[White "Reddy, Tyler"]
[Black "Pushkedra, Frank"]
[Result "1/2-1/2"]
[WhiteElo "2027"]
[BlackElo "2345"]
[PlyCount "123"]
[GameId "2160767911742348"]
[EventDate "1999.08.31"]
[EventType "swiss"]
[EventRounds "9"]
[EventCountry "CAN"]
[SourceTitle "EXT 2000"]
[Source "ChessBase"]
[SourceDate "1999.11.18"]
[SourceVersion "1"]
[SourceVersionDate "1999.11.18"]
[SourceQuality "1"]

1. c4 Nf6 2. g3 g6 3. Bg2 Bg7 4. Nc3 O-O 5. e4 d6 6. Nge2 c6 7. O-O a6 8. a4 a5 9. h3 Na6 10. d3 Bd7 11. Kh2 Nc7 12. f4 b5 13. axb5 cxb5 14. e5 dxe5 15. fxe5 Nh5 16. Bxa8 Qxa8 17. Nf4 Nxf4 18. Bxf4 Qc8 19. h4 Bc6 20. cxb5 Bb7 21. Rc1 Qd7 22. Ne4 Ne6 23. Nc5 Nxc5 24. Rxc5 h6 25. d4 Qf5 26. Qe2 Qe6 27. Qc4 Qg4 28. d5 g5 29. hxg5 hxg5 30. Be3 Qh5+ 31. Kg2 Bxe5 32. Qe4 Bxb2 33. Bd4 Bxd4 34. Qxd4 Rd8 35. g4 Qg6 36. Rh1 f6 37. Re1 Qf7 38. b6 Bxd5+ 39. Kg3 e5 40. Qd2 Qh7 41. Qxd5+ Rxd5 42. Rc8+ Kg7 43. Rc7+ Kg6 44. Rxh7 Kxh7 45. Rb1 Rd8 46. b7 Rb8 47. Kf3 a4 48. Ke4 a3 49. Kd5 a2 50. Rh1+ Kg6 51. Kd6 f5 52. gxf5+ Kxf5 53. Kc7 Rg8 54. Ra1 e4 55. Kc6 e3 56. Rxa2 Rb8 57. Kc7 Rxb7+ 58. Kxb7 Kf4 59. Kc6 Kf3 60. Kd5 g4 61. Kd4 e2 62. Ra1 1/2-1/2

[Event "CAN-ch"]
[Site "Brantford"]
[Date "1999.09.03"]
[Round "4"]
[White "Ross, Dave"]
[Black "Nickoloff, Bryon"]
[Result "1/2-1/2"]
[WhiteElo "2345"]
[BlackElo "2421"]
[PlyCount "43"]
[GameId "2160767911742349"]
[EventDate "1999.08.31"]
[EventType "swiss"]
[EventRounds "9"]
[EventCountry "CAN"]
[SourceTitle "EXT 2000"]
[Source "ChessBase"]
[SourceDate "1999.11.18"]
[SourceVersion "1"]
[SourceVersionDate "1999.11.18"]
[SourceQuality "1"]

1. Nf3 d5 2. c4 e6 3. b3 Nf6 4. g3 c5 5. Bg2 Nc6 6. Bb2 d4 7. O-O e5 8. e3 Be7 9. exd4 exd4 10. Re1 O-O 11. Ne5 Nxe5 12. Rxe5 Bg4 13. Qf1 Qc7 14. Re1 Rae8 15. d3 Bd6 16. Nd2 Rxe1 17. Qxe1 Re8 18. Qc1 Bf5 19. Qc2 Qe7 20. b4 b6 21. bxc5 bxc5 22. Ba3 1/2-1/2

[Event "CAN-ch"]
[Site "Brantford"]
[Date "1999.09.03"]
[Round "4"]
[White "Yoos, John"]
[Black "Khassanov, Marat"]
[Result "1-0"]
[WhiteElo "2302"]
[BlackElo "2367"]
[PlyCount "67"]
[GameId "2160767911742352"]
[EventDate "1999.08.31"]
[EventType "swiss"]
[EventRounds "9"]
[EventCountry "CAN"]
[SourceTitle "EXT 2000"]
[Source "ChessBase"]
[SourceDate "1999.11.18"]
[SourceVersion "1"]
[SourceVersionDate "1999.11.18"]
[SourceQuality "1"]

1. e4 c5 2. Nf3 d6 3. d4 cxd4 4. Nxd4 Nf6 5. Nc3 Nc6 6. Bg5 e6 7. Qd2 a6 8. O-O-O Bd7 9. f4 b5 10. Bxf6 gxf6 11. Kb1 Qb6 12. Nxc6 Bxc6 13. Qe1 Be7 14. f5 b4 15. Ne2 e5 16. Ng3 h5 17. h4 Bf8 18. Bc4 Rc8 19. Qe2 Ke7 20. Nxh5 Qc5 21. b3 Bh6 22. Rh3 a5 23. g4 a4 24. Nxf6 Kxf6 25. g5+ Bxg5 26. hxg5+ Kxg5 27. Rhd3 Rh4 28. Qg2+ Rg4 29. Rg3 Rxg3 30. Qxg3+ Kf6 31. Qh4+ Kg7 32. Rh1 Qe3 33. f6+ Kg6 34. Qh5+ 1-0